| 000 | 01428cam a2200397 i 4500 | ||
|---|---|---|---|
| 001 | 692716 | ||
| 003 | EG-ScBUE | ||
| 005 | 20230712103141.0 | ||
| 006 | m||||fq||h 00| 0 | ||
| 008 | 961015s1997 nmua f d 001 0 eng d | ||
| 020 | _a1566901162 (pbk.) | ||
| 020 | _a9781566901161 | ||
| 040 |
_aDLC _beng _erda _cDLC _dDLC _dEG-ScBUE |
||
| 082 | 0 | 4 |
_a910.285 _222 _bHUT |
| 100 | 1 |
_aHutchinson, Scott, _d1952- _eauthor. _911677 |
|
| 245 | 1 | 0 |
_aInside ArcView GIS / _cScott Hutchinson and Larry Daniel. |
| 250 | _aSecond edition. | ||
| 264 | 1 |
_aSanta Fe, NM : _bOnword Press, _c1997. |
|
| 300 |
_axxxi, 474 pages : _billustrations ; _c23 cm+ _e1 CD |
||
| 336 |
_2rdacontent _asounds _bsnd |
||
| 336 |
_2rdacontent _atext _btxt |
||
| 337 |
_2rdamedia _aaudio _bs |
||
| 337 |
_2rdamedia _aunmediated _bn |
||
| 338 |
_2rdacarrier _acomputer disc _bcd |
||
| 338 |
_2rdacarrier _avolume _bnc |
||
| 500 | _aIncludes index. | ||
| 500 | _aIncludes Appendices. | ||
| 500 | _aIncludes glossary. | ||
| 538 | _aSystem requirements for accompanying computer disc: UNIX, Windows 3.1, Windows NT, Windows 95, and Macintosh. | ||
| 630 | 0 | 7 |
_aArcView. _2BUEsh _911678 |
| 650 | 7 |
_aGeographic information systems. _2BUEsh _911679 |
|
| 655 | _vReading book | ||
| 700 | 1 |
_aDaniel, Larry, _d1961- _eauthor. _911680 |
|
| 942 |
_2ddc _cBB |
||
| 999 |
_c13459 _d13459 |
||